ASP .Net Website Programming (Record no. 309604)
[ view plain ]
| 000 -LEADER | |
|---|---|
| fixed length control field | 00444nam a2200157Ia 4500 |
| 008 - FIXED-LENGTH DATA ELEMENTS--GENERAL INFORMATION | |
| fixed length control field | 230718s9999 xx 000 0 und d |
| 041 ## - LANGUAGE CODE | |
| Language code of text/sound track or separate title | eng |
| 082 ## - DEWEY DECIMAL CLASSIFICATION NUMBER | |
| Classification number | 005.678 |
| Item number | BEL |
| 100 ## - MAIN ENTRY--PERSONAL NAME | |
| Personal name | Bellinaso M. |
| 9 (RLIN) | 107544 |
| 245 ## - TITLE STATEMENT | |
| Title | ASP .Net Website Programming |
| Remainder of title | Problem Design Solution |
| 260 ## - PUBLICATION, DISTRIBUTION, ETC. (IMPRINT) | |
| Date of publication, distribution, etc. | 2003 |
| Name of publisher, distributor, etc. | SPD |
| 300 ## - PHYSICAL DESCRIPTION | |
| Extent | 545 |
| 365 ## - TRADE PRICE | |
| Currency code | Rs. |
| Price amount | 500.00 |
| 700 ## - ADDED ENTRY--PERSONAL NAME | |
| Personal name | Bellinaso M. & Hoffman K. |
| 9 (RLIN) | 107546 |
| 906 ## - LOCAL DATA ELEMENT F, LDF (RLIN) | |
| d | B:7291/21.1.0530-Aug-2005 |
| c | COMP |
| b | 100 |
| Withdrawn status | Lost status | Damaged status | Not for loan | Home library | Current library | Date acquired | Vendor | Budget Code | Cost, normal purchase price | Bill number | Total Checkouts | Full call number | Barcode | Date last seen | Discount | Cost, replacement price | Bill Date | Koha item type | Original Barcode |
|---|---|---|---|---|---|---|---|---|---|---|---|---|---|---|---|---|---|---|---|
| Cummins College of Engineering for Women Pune | Cummins College of Engineering for Women Pune | 10/02/2005 | Tbs | COMP | 400.00 | 7291/21.1.05 | 005.678 | CCEP-BK-20811 | 18/07/2023 | 100 | 500.00 | 30/08/2005 | Books | 020811 |